| 000 | 00000nam 2200000zi 4500 |
| 001 | 9.920369 |
| 003 | CaOODSP |
| 005 | 20230512082309 |
| 006 | m o d f |
| 007 | cr mn||||||||| |
| 008 | 230222e202305 quca ob f000 0 eng d |
| 020 | |a9780660477633 |
| 040 | |aCaOODSP|beng|erda|cCaOODSP |
| 043 | |an-cn--- |
| 086 | 1 |aEn84-331/2023E-PDF |
| 245 | 00|aScreening assessment : |bother polymers group : Chemical Abstracts Service Registry numbers 27083-27-8 and 32289-58-0, 55818-57-0, 67762-15-6, 125826-44-0. |
| 264 | 1|a[Gatineau, Quebec] : |bGovernment of Canada = Gouvernement du Canada, |c2023. |
| 264 | 4|c©2023 |
| 300 | |a1 online resource (iv, 48 pages) : |billustrations |
| 336 | |atext|btxt|2rdacontent |
| 337 | |acomputer|bc|2rdamedia |
| 338 | |aonline resource|bcr|2rdacarrier |
| 500 | |aIssued also in French under title: Évaluation préalable : groupe des autres polymères : numéros de registre du Chemical Abstracts Service 27083-27-8 et 32289-58-0, 55818-57-0, 67762-15-6, 125826-44-0. |
| 504 | |aIncludes bibliographical references (pages 34-39). |
| 650 | 0|aPolymers|xRisk assessment|zCanada. |
| 650 | 0|aPolymers|xEnvironmental aspects|zCanada. |
| 650 | 0|aPolymers|xHealth aspects|zCanada. |
| 650 | 0|aPolymers|xToxicology|zCanada. |
| 710 | 1 |aCanada. |bEnvironment and Climate Change Canada, |eissuing body. |
| 710 | 1 |aCanada. |bHealth Canada, |eissuing body. |
| 775 | 08|tÉvaluation préalable : |w(CaOODSP)9.920370 |
| 856 | 40|qPDF|s598 KB|uhttps://publications.gc.ca/collections/collection_2023/eccc/En84-331-2023-eng.pdf |